000 00986cam a2200241 a 4500
001 000011885
005 20200929162614.0
008 980918s1998 pn ab b 001 0cspa
020 _a9962890101
040 _aDO-SdBNP
_bspa
_cDLC
_dBNPHU
082 _a500.97287
_bH448n
100 1 _aHeckadon-Moreno, Stanley.
_b1943-
_928094
245 1 0 _aNaturalistas de Istmo de Panamá :
_bun siglo de historia natural sobre el puente biológico de las Américas /
_cStanley Heckadon-Moreno.
260 _aPanamá :
_bInstituto Smithsonian de Investigaciones Tropicales,
_bFundación Santillana para Iberoamérica,
_c1998.
300 _a215 p. :
_bil., maps ;
_c21 cm.
504 _aIncluye referencias bibliográficas.
650 4 _aHistoria natural
_zPanamá
_928095
650 4 _aNaturistas
_zPanamá
_928096
710 2 _aSmithsonian Tropical Research Institute.
_928097
710 2 _aFundación Santillana para Iberoamérica.
_928098
910 _aCatalogación por copia / LC
049 _aBNGR
999 _c11557
_d11557